<?xml version="1.0" encoding="UTF-8"?>
<record
    xmlns:xsi="http://www.w3.org/2001/XMLSchema-instance"
    xsi:schemaLocation="http://www.loc.gov/MARC21/slim http://www.loc.gov/standards/marcxml/schema/MARC21slim.xsd"
    xmlns="http://www.loc.gov/MARC21/slim">

  <leader>01843nam a22002417a 4500</leader>
  <controlfield tag="005">20250222115529.0</controlfield>
  <controlfield tag="008">250222b           ||||| |||| 00| 0 eng d</controlfield>
  <datafield tag="020" ind1=" " ind2=" ">
    <subfield code="a">9781032552552</subfield>
  </datafield>
  <datafield tag="040" ind1=" " ind2=" ">
    <subfield code="c">AL</subfield>
  </datafield>
  <datafield tag="041" ind1=" " ind2=" ">
    <subfield code="a">eng</subfield>
  </datafield>
  <datafield tag="082" ind1=" " ind2=" ">
    <subfield code="2">23</subfield>
    <subfield code="a">158.7</subfield>
    <subfield code="b">BULP</subfield>
  </datafield>
  <datafield tag="100" ind1=" " ind2=" ">
    <subfield code="a">Carrie, A Bulger</subfield>
    <subfield code="9">202011</subfield>
  </datafield>
  <datafield tag="245" ind1=" " ind2=" ">
    <subfield code="a">Psychology and work today</subfield>
  </datafield>
  <datafield tag="250" ind1=" " ind2=" ">
    <subfield code="a">11ed.</subfield>
  </datafield>
  <datafield tag="260" ind1=" " ind2=" ">
    <subfield code="a">New York</subfield>
    <subfield code="b">Routledge Taylore and Francis Group</subfield>
    <subfield code="c">2023</subfield>
  </datafield>
  <datafield tag="300" ind1=" " ind2=" ">
    <subfield code="a">xxv,407p.</subfield>
    <subfield code="b">PB</subfield>
    <subfield code="c">24x18cm.</subfield>
  </datafield>
  <datafield tag="365" ind1=" " ind2=" ">
    <subfield code="2">General</subfield>
    <subfield code="a">6385</subfield>
    <subfield code="b">&#x20B9;956.00</subfield>
    <subfield code="c">&#x20B9;</subfield>
    <subfield code="d">&#x20B9;1195.00</subfield>
    <subfield code="e">20%</subfield>
    <subfield code="f">06/02/2025</subfield>
  </datafield>
  <datafield tag="520" ind1=" " ind2=" ">
    <subfield code="a">Psychology and Work Today, 11th Edition is an exciting update of a well-loved textbook that introduces industrial and organizational psychology, explaining how industrial-organizational psychologists make work and working better. This accessible and informative text explains how industrial-organizational psychologists help organizations hire the best people by designing tests and interviews that uncover the skills and abilities of applicants, make work better by removing or reducing safety issues and sources of stress so that personnel are motivated and able to perform to their abilities, and work with managers and leaders to be more effective at leading others. This book also describes how industrial-organizational psychologists work with organizations to embrace diversity in the workforce and celebrate the strengths that employees from many backgrounds bring to organizations. In addition, this text includes how psychologists help organizations to design the physical work environment to best suit employees, while other psychologists help organizations to market their products and services to consumers.</subfield>
  </datafield>
  <datafield tag="650" ind1=" " ind2=" ">
    <subfield code="2">Applied psychology&#x2009;</subfield>
    <subfield code="a">Industrial psychology</subfield>
    <subfield code="9">202012</subfield>
  </datafield>
  <datafield tag="700" ind1=" " ind2=" ">
    <subfield code="a">Schultz,Duane P</subfield>
    <subfield code="9">202013</subfield>
  </datafield>
  <datafield tag="700" ind1=" " ind2=" ">
    <subfield code="a">Schultz,Sydney Ellen</subfield>
    <subfield code="9">202014</subfield>
  </datafield>
  <datafield tag="942" ind1=" " ind2=" ">
    <subfield code="2">ddc</subfield>
    <subfield code="c">BK</subfield>
  </datafield>
  <datafield tag="999" ind1=" " ind2=" ">
    <subfield code="c">233875</subfield>
    <subfield code="d">233875</subfield>
  </datafield>
  <datafield tag="952" ind1=" " ind2=" ">
    <subfield code="0">0</subfield>
    <subfield code="1">0</subfield>
    <subfield code="2">ddc</subfield>
    <subfield code="4">0</subfield>
    <subfield code="7">0</subfield>
    <subfield code="8">CPSY</subfield>
    <subfield code="a">SACPG</subfield>
    <subfield code="b">SACPG</subfield>
    <subfield code="d">2025-02-10</subfield>
    <subfield code="e">Biblios Book Point</subfield>
    <subfield code="g">956.00</subfield>
    <subfield code="l">0</subfield>
    <subfield code="o">158.7 BULP</subfield>
    <subfield code="p">PG024899</subfield>
    <subfield code="r">2025-02-22 00:00:00</subfield>
    <subfield code="v">1195.00</subfield>
    <subfield code="w">2025-02-22</subfield>
    <subfield code="y">BK</subfield>
  </datafield>
</record>
